In the beginning : (Record no. 8123)
[ view plain ]
| 000 -LEADER | |
|---|---|
| fixed length control field | 02095cam a2200373 a 4500 |
| 001 - CONTROL NUMBER | |
| control field | 8123 |
| 003 - CONTROL NUMBER IDENTIFIER | |
| control field | FISKH |
| 005 - DATE AND TIME OF LATEST TRANSACTION | |
| control field | 20250827115702.0 |
| 008 - FIXED-LENGTH DATA ELEMENTS--GENERAL INFORMATION | |
| fixed length control field | 071105s2008 nyua 000 0 eng |
| 010 ## - LIBRARY OF CONGRESS CONTROL NUMBER | |
| LC control number | 2007045411 |
| 020 ## - INTERNATIONAL STANDARD BOOK NUMBER | |
| International Standard Book Number | 9780316118422 |
| Qualifying information | hardcover |
| 020 ## - INTERNATIONAL STANDARD BOOK NUMBER | |
| International Standard Book Number | 0316118427 |
| Qualifying information | hardcover |
| 035 ## - SYSTEM CONTROL NUMBER | |
| System control number | 15070595 |
| 040 ## - CATALOGING SOURCE | |
| Original cataloging agency | DLC |
| Transcribing agency | DLC |
| Modifying agency | DLC |
| Language of cataloging | eng |
| 050 00 - LIBRARY OF CONGRESS CALL NUMBER | |
| Classification number | BS1235.52 |
| Item number | .F57 2008 |
| 082 00 - DEWEY DECIMAL CLASSIFICATION NUMBER | |
| Classification number | 222/.1109505 |
| Edition number | 22 |
| 100 1# - MAIN ENTRY--PERSONAL NAME | |
| Personal name | Fischer, Chuck. |
| 245 10 - TITLE STATEMENT | |
| Title | In the beginning : |
| Remainder of title | the art of Genesis : a pop-up book / |
| Statement of responsibility, etc. | by Chuck Fischer. |
| 260 ## - PUBLICATION, DISTRIBUTION, ETC. | |
| Place of publication, distribution, etc. | New York : |
| Name of publisher, distributor, etc. | Little, Brown, |
| Date of publication, distribution, etc. | 2008. |
| 300 ## - PHYSICAL DESCRIPTION | |
| Extent | 12 unnumbered pages : |
| Other physical details | color illustrations ; |
| Dimensions | 28 cm. |
| 336 ## - CONTENT TYPE | |
| Content type term | text |
| Content type code | txt |
| Source | rdacontent |
| 337 ## - MEDIA TYPE | |
| Media type term | unmediated |
| Media type code | n |
| Source | rdamedia |
| 338 ## - CARRIER TYPE | |
| Carrier type term | volume |
| Carrier type code | nc |
| Source | rdacarrier |
| 520 ## - SUMMARY, ETC. | |
| Summary, etc. | A three-dimensional view of the Book of Genesis for older children, inspired by both a vintage copy of The Golden Children's Bible and a trip to Rome. Fischer and his collaborators offer a Garden of Eden scene executed in an artistic style that recalls ancient tile work; a huge Noah's Ark landed atop a mountain; and a Tower of Babel that climbs impressively high, even for a pop-up. The text, more commentary than story, is hidden in inset mini-books and is accompanied by reproductions of biblical masterpieces; those sophisticated elements will be of most interest to adults. The stained glass-like Jacob's Ladder, and the finale, Pharaoh's household from the Joseph story, show how this book becomes more amazing as pages are turned. --From amazon.com. |
| 630 00 - SUBJECT ADDED ENTRY--UNIFORM TITLE | |
| Uniform title | Bible. |
| Name of part/section of a work | Genesis |
| General subdivision | Criticism, interpretation, etc. |
| 630 00 - SUBJECT ADDED ENTRY--UNIFORM TITLE | |
| Uniform title | Bible. |
| Name of part/section of a work | Genesis |
| Form subdivision | Art. |
| 650 #0 - SUBJECT ADDED ENTRY--TOPICAL TERM | |
| Topical term or geographic name entry element | Toy and movable books. |
| 655 #7 - INDEX TERM--GENRE/FORM | |
| Genre/form data or focus term | Art. |
| Source of term | lcgft |
| Authority record control number or standard number | https://id.loc.gov/authorities/genreForms/gf2017027218 |
| 856 42 - ELECTRONIC LOCATION AND ACCESS | |
| Materials specified | Contributor biographical information |
| Uniform Resource Identifier | <a href="http://www.loc.gov/catdir/enhancements/fy0827/2007045411-b.html">http://www.loc.gov/catdir/enhancements/fy0827/2007045411-b.html</a> |
| 856 42 - ELECTRONIC LOCATION AND ACCESS | |
| Materials specified | Publisher description |
| Uniform Resource Identifier | <a href="http://www.loc.gov/catdir/enhancements/fy0827/2007045411-d.html">http://www.loc.gov/catdir/enhancements/fy0827/2007045411-d.html</a> |
| 906 ## - LOCAL DATA ELEMENT F, LDF (RLIN) | |
| a | 7 |
| b | cbc |
| c | orignew |
| d | 1 |
| e | ecip |
| f | 20 |
| g | y-gencatlg |
| 942 ## - ADDED ENTRY ELEMENTS (KOHA) | |
| Source of classification or shelving scheme | Dewey Decimal Classification |
| Koha item type | Books |
| Suppress in OPAC | No |
| Withdrawn status | Lost status | Source of classification or shelving scheme | Damaged status | Not for loan | Collection | Home library | Current library | Shelving location | Date acquired | Total Checkouts | Full call number | Barcode | Date last seen | Copy number | Price effective from | Koha item type |
|---|---|---|---|---|---|---|---|---|---|---|---|---|---|---|---|---|
| Dewey Decimal Classification | Non-Fiction | Footprints International School Library Network Toul Kork Campus | Footprints International School Library Network Toul Kork Campus | Librarian's Shelf TK | 08/27/2025 | FIS 222.1109505 BS1235 .F57 | 2025-4278 | 08/27/2025 | 1 | 08/27/2025 | Books | |||||
| Dewey Decimal Classification | Non-Fiction | Footprints International School Library Network Toul Kork Campus | Footprints International School Library Network Toul Kork Campus | Librarian's Shelf TK | 09/30/2025 | FIS 222.1109505 BS1235 .F57 | 2025-4440 | 09/30/2025 | 2 | 09/30/2025 | Books |
